000 00262nam a2200109Ia 4500
008 190216s9999||||xx |||||||||||||| ||und||
100 _aDeinkar Payare
245 0 _aLaw And Practice Of Income Tax
260 _bSulthan Chand &co
650 _aCommerce
942 _cBK
999 _c8310
_d8310